Datum a čas kvízu
20.5
Celkem bodů
Celkový počet nahraných bodů na tomto kvízu bez doplňovacích otázek.
10.
Pořadí na kvízu
Konečné umístění týmu na tomto kvízu.
Zaznamenané odpovědi
| # | Otázka | Odpověď | Body | Výsledky |
|---|---|---|---|---|
| 1. | Na obrazovkách české televize... | Tereza Mašková | 1 | |
| 2. | Během podzimní roadshow Univer... | v Prešově | 0 | |
| 3. | Při příležitosti 28. října obd... | Petr Pithart, Pavel Rychetský a Karel Schwarzenberg | 1 | |
| 4. | V minulém týdnu spustilo Slove... | D | 1 | |
| 5. | A na závěr se podíváme na spor... | Albánie | 0 | |
| 6. | Podle staršího průzkumu Televi... | úspěchy sportovců, hlavně hokejistů | 0 | |
| 7. | "Nad Tatrou sa blýska, hromy d... | To Slovensko naše, posiaľ tvrdo spalo. | 0 | |
| 8. | Mezi Slováky nejhrdější se jis... | ministerstvo kultury, SNS | 1 | |
| 9. | V roce 2019 si naši sousedi v... | Milan Rastislav Štefánik | 0 | |
| 10. | Slovensko se může pyšnit také... | ovčí | 1 |